Improving educational quality : a global perspective

Αποθηκεύτηκε σε:
Λεπτομέρειες βιβλιογραφικής εγγραφής
Άλλοι συγγραφείς: Chapman, David W. (Επιμελητής έκδοσης), Carrier, Carol A. (Επιμελητής έκδοσης)
Μορφή: Βιβλίο
Γλώσσα:English
Δημοσίευση: New York : Greenwood Press, 1990
Σειρά:Contributions to the study of education
Θέματα:
Ετικέτες: Προσθήκη ετικέτας
Δεν υπάρχουν, Καταχωρήστε ετικέτα πρώτοι!

MARC

LEADER 00000nam a2200000 i 4500
001 1/87752
008 990802s1990 eng d
020 |a 0-313-26623-9 
035 |l 10052369 
040 |a GR-MY-UA  |b gre  |e aacr 
041 0 |a eng 
082 0 |a 370.91724 
245 1 0 |a Improving educational quality :  |b a global perspective /  |c edited by David W. Chapman, Carol A. Carrier 
260 |a New York :   |b Greenwood Press,   |c 1990 
300 |a 323 p. 
490 1 |a Contributions to the study of education 
650 0 0 |a School improvement programs  |z Developing countries. 
650 0 0 |a Education  |z Developing countries. 
700 1 |a Chapman, David W.  |4 edt 
700 1 |a Carrier, Carol A.  |4 edt 
830 0 |a Contributions to the study of education 
852 |a INST  |b RHODES  |e 19990802  |h 370.91724 IMP  |p 005400014444  |q 005400014444  |t BK  |y 0 
901 |a BIBL4-1999-2 
909 |a Ρ  |b 066629 
922 |a 4ΕΛΗ  |b 199907  |c ΚΠΣ/154  |d LEADER 
970 |z 1999/08/02  |a ΚΟΥΛΑΚΙΟΤΗ  |b ΛΙΤΣΑ